BIBLIOTHÈQUE DE LA MAISON DU MEXIQUE

Logo 1 Logo 2

José Trigo (notice nᵒ 7653)

détails MARC
000 -Sello discográfico
campo de control de longitud fija 00883nam a2200301 4500
005 - Identificación de versión
campo de control 20251017062746.0
010 ## - Número Estándar Internacional de Libros (ISBN)
Número (ISBN) 978-607-16-2658-5
099 ## - fechas locales
Tipo de ítem Koha LIBRO
100 ## - Datos de procesamiento general
Datos de procesamiento general 20241010d2015 m y1spay5003 ba
105 ## - Campo de datos codificados: Material textual, monográfico
Datos codificados de monografía y 001ay
200 1# - Título y mención de responsabilidad
Título propio José Trigo
Designación general del material texto impreso
Primer mención de responsabilidad Fernando del Paso
Declaración de responsabilidad subsiguiente prólogo Artur Lundkvist
205 ## - Declaración de edición
Declaración de edición 1a ed
210 ## - Publicación, distribución, etc.
Lugar de publicación, distribución, etc. México
Nombre del editor, distribuidor, etc. Fondo de Cultura Económica
Fecha de publicación, distribución, etc. 2015
215 ## - Descripción física
Designación de material específico y extensión del ítem 467 p
Dimensiones 23 cm
345 ## - Nota de información de adquisición
Fuente de adquisición/dirección de la suscripción [OBSOLETO] Donación
410 #1 - Series
Título Letras mexicanas
606 ## - Término temático usado como materia
Elemento de entrada Novela mexicana
Subdivisión cronológica Siglo XX
Número Koha 64
660 ## - Código de área geográfica
Código MX
700 ## - Nombre personal - Responsabilidad primaria
Elemento de entrada Paso Morante
Parte del nombre distinta del elemento de entrada Fernando del
Fechas 1935-2018
Número Koha 193
702 ## - Nombre personal - Responsabilidad secundaria
Elemento de entrada Lundkvist
Parte del nombre distinta del elemento de entrada Artur
Fechas 1906-1991
Número Koha 13507
801 ## - Fuente de origen
País FR
Agencia cm
Reglas de catalogación (convenciones descriptivas) AFNOR
900 ## -
-- 1/23213
900 ## -
-- 7100417642\080104
942 ## - ELEMENTOS DE ENTRADA SECUNDARIOS (KOHA)
Tipo de ítem Koha Livre
996 ## -
-- MEX
-- 751145101
-- MMAG
-- 011330
-- 860.82 L649T V.53
-- 20241010LIV
Exemplaires
Estatus retirado Estado de daño Estado de pérdida Fecha de adquisición Biblioteca de origen Biblioteca actual Ubicación en estantería Código de barras Precio de reemplazo Signatura topográfica completa No para préstamo Tipo de ítem Koha Nota pública Nota no pública
      05/08/2025 Casa México Paris Casa México Paris   011330 05/08/2025 860.82 L649T V.53   Livre 20241010LIV 751145101